AK’s General Knowledge A-Z #76 - Statistics

General Stats
  • This quiz has been taken 265 times
  • The average score is 16 of 26
Answer Stats
Hint Answer % Correct
H – actor who played Forrest Gump and Robert Langdon Tom Hanks
94%
P – Black _______, 2018 superhero film based on the Marvel Comics character of the same name Panther
91%
D – an animal's home, or how Norway's southern neighbour begins and eastern neighbour ends Den
89%
V – Ricky Martin’s song “Livin' la ____ loca” Vida
89%
E – U.S. President 1953–1961 Dwight D. Eisenhower
86%
B – U2 singer, or bond in Spanish Bono
85%
R – precedes kill, follows rail Road
85%
X – Edward Norton movie American History _ X
80%
G – House Of The Dragon is based on ______ R.R. Martin’s Fire & Blood George
78%
T – business reality TV series Shark ____ Tank
78%
K – a batsman’s innings in cricket, or what can be done on a door Knock
77%
W – home video game console developed by Nintendo and first released in 2006 Wii
77%
M – not January, not rest March
76%
U – Colleen Hoover’s novel It Ends with __, based on the relationship between her mother and father Us
74%
Q – a swampy area of ground, or a perilous, mixed-up situation Quagmire
54%
C – the largest city in Europe in year 1700 Constantinople
51%
L – country where the largest city is Schaan Liechtenstein
51%
S – American astronomer Carl who wrote Cosmos Sagan
50%
O – Australian rock band Midnight ___that performed “Beds Are Burning” Oil
42%
N – city that was founded as Fort-Lamy in 1900 and is now the capital of Chad N’Djamena
37%
F – Saturn’s moon found in 2005, or werewolf Greyback Fenrir
23%
Y – Якутск, the capital of the Sakha Republic, Russia, and the coldest city in the world Yakutsk
23%
J – South Korea’s largest island Jeju Island
22%
Z – “White Pelé”, Brazilian football coach and former player who never won the FIFA World Cup Zico
17%
A – world's best-selling mystery, named after the last words of a rhyme (“… He went out and hanged himself, ___ ____ _____ ____ ____”) And Then There Were None
16%
I – acronym for the intergovernmental organization for scientific cooperation in the field of nuclear (“atomic”) technology that is headquartered in Vienna IAEA
4%
No matching quizzes found
Score Distribution
Percent of People with Each Score
Percentile by Number Answered
Your Score History
You have not taken this quiz